Možnosti financovania malých a stredných podnikov bakalárska práca

Gespeichert in:
Bibliographische Detailangaben
1. Verfasser: Košťálová, Lucia
Körperschaft: Fakulta podnikového manažmentu EU. Katedra podnikovohospodárska
Weitere Verfasser: Blatnický, Dobroslav, 1972-
Format: Buch
Sprache:Slowakisch
Veröffentlicht: Bratislava 2009
Tags: Tag hinzufügen
Keine Tags, Fügen Sie das erste Tag hinzu!

MARC

LEADER 00000nam$a2200000$$$4500
001 0102001
005 20240319130145.7
041 0 |a slo 
044 |a SK 
245 1 0 |a Možnosti financovania malých a stredných podnikov  |b bakalárska práca  |c Lucia Košťálová ; škol. Dobroslav Blatnický 
264 1 |a Bratislava  |c 2009 
300 |a 43 s. 
100 1 |a Košťálová, Lucia 
700 1 |a Blatnický, Dobroslav, 1972- 
710 2 |a Fakulta podnikového manažmentu EU. Katedra podnikovohospodárska